000 00303nam a22001337a 4500
008 171017b xxu||||| |||| 00| 0 eng d
020 _a0130103152
041 _aeng
080 _a330.101.542
100 _a52
101 _aMIK
245 _aADVANCED MICROECONOMIC THEORY
_cJEHLE,G.A
942 _2udc
_cBK
999 _c34425
_d34425